[Event "COL-ch Amateur U1700"]
[Site "Paipa"]
[Date "2020.02.27"]
[Round "2"]
[White "Rojas Mendoza, Joun Sun"]
[Black "Espinosa, Carlos Alberto"]
[Result "1-0"]
[WhiteElo "1627"]
[BlackElo "1608"]
[PlyCount "79"]
[EventDate "2020.02.26"]
[EventType "swiss"]
[EventRounds "9"]
[EventCountry "COL"]
[SourceTitle "EXT 2021"]
[Source "ChessBase"]
[SourceDate "2020.10.23"]
[SourceVersion "1"]
[SourceVersionDate "2020.10.23"]
[SourceQuality "1"]

1. d4 d5 2. Bf4 Nf6 3. Nf3 e6 4. e3 Bd6 5. Bg3 0-0 6. Bd3 h6 7. Nbd2 Nbd7 8. Ne5 Qe7 9. 0-0 c5 10. c3 Bb8 11. f4 Bxe5 12. fxe5 Nh7 13. Qb1 f5 14. exf6 Ndxf6 15. Nf3 c4 16. Bc2 Bd7 17. Ne5 Be8 18. Bh4 g5 19. Bg3 Qg7 20. h3 Nd7 21. Bxh7+ Qxh7 22. Qxh7+ Kxh7 23. Nxd7 Bxd7 24. Bd6 Rxf1+ 25. Rxf1 Rg8 26. Be5 Bc8 27. g4 a6 28. Kg2 Kg6 29. Kg3 b5 30. Rf6+ Kh7 31. a3 a5 32. Kg2 a4 33. Kg3 Rg7 34. Rf8 Rg8 35. Rf7+ Kg6 36. Rf6+ Kh7 37. h4 gxh4+ 38. Kxh4 Rg5 39. Rf7+ Kg8 40. Rc7 1-0

[Event "COL-ch Amateur U1700"]
[Site "Paipa"]
[Date "2020.02.26"]
[Round "1"]
[White "Espinosa, Carlos Alberto"]
[Black "Reyes Aristizabal, Andres"]
[Result "1-0"]
[WhiteElo "1608"]
[BlackElo "1577"]
[PlyCount "55"]
[EventDate "2020.02.26"]
[EventType "swiss"]
[EventRounds "9"]
[EventCountry "COL"]
[SourceTitle "EXT 2021"]
[Source "ChessBase"]
[SourceDate "2020.10.23"]
[SourceVersion "1"]
[SourceVersionDate "2020.10.23"]
[SourceQuality "1"]

1. e4 c5 2. Nc3 g6 3. f4 Bg7 4. Nf3 d6 5. Bc4 Nc6 6. 0-0 e6 7. d3 Nge7 8. Qe1 Na5 9. Bb5+ Nac6 10. Bc4 Na5 11. Bb5+ Nac6 12. a3 a6 13. Bc4 b5 14. Bb3 b4 15. axb4 cxb4 16. Ne2 Qb6+ 17. Qf2 Qxf2+ 18. Rxf2 Bb7 19. c3 bxc3 20. Nxc3 Nb4 21. Rd2 Rc8 22. Na2 Nec6 23. Nxb4 Nxb4 24. Rd1 Nc2 25. Ra4 Rc7 26. Bd2 e5 27. Rc1 exf4 28. Rxc2 1-0